Zur aktuellen Sprachsituation der Lausitzer Sorben
| Titel: | Zur aktuellen Sprachsituation der Lausitzer Sorben |
|---|---|
| Verfasser: | |
| In: |
Slavia Occidentalis, Band 48/49 (1991), Seite 67-83 alle Artikel anzeigen |
| Veröffentlicht: | 1991/1992 [1992] |
| Format: | Aufsatz |
| Sprache: | Polnisch |
X
alg: 39443000 001A $01999:12-11-16 001B $01999:01-06-17 $t17:46:22.000 001C $06050:19-11-16 $t09:03:39.000 001D $01999:12-11-16 001U $0utf8 001X $00 002@ $0Aox 003@ $039443000X 007A $039443000X $aHEB 007T $0Herdww001200 010@ $apol 011@ $a1991 $b1992 $n1991/1992 [1992] 021A $aZur aktuellen Sprachsituation der Lausitzer Sorben 028A $aElle $dLudwig 031A $d48/49 $h67-83 $j1991 039B $aIn $8--Abvc--. Slavia Occidentalis. - Poznań : Wydawn. PTPN, 1921-. - ISSN 0081-0002 $x199100000480000933 $9047502010 045T $a8,1 $a7,41 $a7,39 lok: 39443000 78 exp: 39443000 78 1 #EPN 201B/01 $020-05-19 $t22:53:17.000 201U/01 $0utf8 203@/01 $079054041X 208@/01 $a12-11-16 $be 209A/01 $a/ $f000 $x00 220C/01 $aTitelaufnehmer: TJ 244Z/01 $2Trx $#Silesia $#Śląsk $#Sliezsko $#Slezsko $8--Trx--Schlesien $x01 $9391173987 244Z/01 $#Nördliche Lausitz $#Lausitz, Nord $#Markgrafthum Nieder-Lausitz $#Niederlausitz, Landes-Versammlung $#Landes-Versammlung Niederlausitz $#Markgraftum Niederlausitz $74042205-7 $8--Tg1--Niederlausitz $x02 $908511653X 244Z/01 $#Lausitz, Süd $#Südliche Lausitz $74042942-8 $8--Tg1--Oberlausitz $x03 $9085119431 244Z/01 $aGeschichte 1945- $x04 244Z/01 $2Trx $#sotsioloogia $#sociologija $#Sociology $#szociológia $#socjologia $#sociológia $#sociologie $8--Trx--Soziologie $x05 $9391364235 244Z/01 $2Trx $8--Trx--Zeitschriftenaufsatz $x06 $9391384341 247C/01 $82080>Marburg/Lahn, Herder-Institut, Forschungsbibliothek, Bibliographieportal $9336309341
| LEADER | 00000caa a22000002c 4500 | ||
|---|---|---|---|
| 001 | 39443000X | ||
| 003 | DE-603 | ||
| 005 | 20170601174622.0 | ||
| 007 | tu | ||
| 008 | 161112s19911992xx |||| | u00||u|pol c | ||
| 035 | |a (DE-599)HEB39443000X | ||
| 040 | |a DE-603 |b ger |c DE-603 |d DE-603 | ||
| 041 | |a pol | ||
| 084 | |a 8,1 |a 7,41 |a 7,39 |2 ssgn | ||
| 100 | 1 | |a Elle, Ludwig | |
| 245 | 0 | 0 | |a Zur aktuellen Sprachsituation der Lausitzer Sorben |
| 264 | 0 | |c 1991/1992 [1992] | |
| 773 | 0 | 8 | |i In |t Slavia Occidentalis |d Poznań : Wydawn. PTPN, 1921- |x 0081-0002 |g Band 48/49 (1991), Seite 67-83 |w (DE-603)047502010 |w (DE-600)339118-8 |
| 924 | 0 | |9 2080 |a (DE-603)79054041X |b DE-2080 |c HES |d d |g / | |


